000 00774nam a2200253Ia 4500
003 GCL
008 140319s9999 xx 000 0 ara d
020 _a4053609977
040 _aGCL /
_cGCL
082 0 4 _aط
_b520
_bك ا
100 1 _aسيد رمضان هدارة (مترجم)
245 1 0 _aاطلس الفضاء :
_bاطلس مصور لعالمنا /
_cسيد رمضان هدارة (مترجم)
700 1 _aكوبر, هيزر
700 1 _aهنبست, نيجل
250 _aالاولى
260 _aالقاهرة :
_bدارالشروق ،
_c1999
300 _a64 ص:
_bايض ؛
_c32 سم
650 0 4 _aالفضاء
650 0 4 _aالاطفال
650 0 4 _aالفلك
650 0 4 _aالكواكب
650 0 4 _aسفن الفضاء
942 _2ddc
_cBK
999 _c8503
_d8503